000 00558nam a2200193Ia 4500
005 20250507130207.0
008 008 250505s9999 xx 000 0 eng d
037 _aSeries Article
040 _aEASL
_beng
_cEASL
041 _aeng
_2eng
084 _qEASL
100 _aGobel Christian
_9668735
245 0 _aUneven policy inplemention in rural China
260 _aAustralia
_bCanberra Australian National University Australia
_c2011
300 _a53-76
650 _aChina; Taiwan
_9755029
942 _cSRA
999 _c1318241
_d1318241